|
|
|
|
| LEADER |
00000nab a2200000 a 4500 |
| 001 |
vtls000832670 |
| 003 |
SK-MaSNL |
| 005 |
20260304130945.0 |
| 008 |
250429c1999 xo 0 slo |
| 015 |
|
|
|a SNBRA2003/04-ccccc
|
| 035 |
|
|
|a CLN000184325
|
| 035 |
|
|
|a urn:nbn:sk:snk-ab9u2r
|
| 035 |
|
|
|a (urnnbn)urn:nbn:sk:snk:ar-a08v1f
|
| 035 |
|
|
|a (uuid)7bb9b373-04b0-44a5-991c-9986dd1d7800
|
| 040 |
|
|
|a SNKBUCL
|b slo
|c SNKBUCL
|e AACR2
|
| 041 |
0 |
|
|a slo
|
| 044 |
|
|
|a xo
|c SK
|
| 080 |
|
|
|a 943.71/.72"13":943.8"13"
|2 1997
|
| 080 |
|
|
|a 943.8"13":943.71/.72"13"
|2 1997
|
| 080 |
|
|
|a 940.1
|2 1997
|
| 100 |
1 |
|
|a Marsina, Richard,
|d 1923-2021
|4 aut
|9 207406
|
| 245 |
1 |
0 |
|a Trenčianska dohoda z augusta 1335 a jej osudy
|c Richard Marsina
|
| 504 |
|
|
|a Res. nem.
|
| 504 |
|
|
|a Bibliogr. odkazy a poznámky
|
| 600 |
0 |
7 |
|a Kazimír
|b III.
|c kráľ poľský
|d 1310-1370
|x Ján Luxemburský, kráľ český, 1296-1346
|x Karol I., kráľ uhorský, 1288-1342
|x stretnutie
|z Trenčín (Slovensko)
|z Vyšehrad (Maďarsko)
|y 1335
|x zmluvy
|2 snkbucl
|9 1443241
|
| 600 |
0 |
7 |
|a Jan Luxemburský,
|c český kráľ,
|d 1296-1346
|x Kazimír III., poľský kráľ, 1310-1370
|x Karol I., uhorský kráľ, 1288-1342
|x stretnutie
|z Trenčín (Slovensko)
|z Vyšehrad (Maďarsko)
|y 1335
|x zmluvy
|2 snkbucl
|9 25113
|
| 600 |
0 |
7 |
|a Karol
|b I.,
|c uhorský kráľ,
|d 1288-1342
|2 snkbucl
|9 78665
|
| 651 |
|
7 |
|a Česko
|x dejiny
|y stor. 14.
|x spory s Poľskom
|2 snkbucl
|9 1443242
|
| 651 |
|
7 |
|a Poľsko
|x dejiny
|y 14. stor.
|x spory s Českom
|2 snkbucl
|9 25114
|
| 655 |
|
7 |
|a články zo zborníkov
|2 snkbucl
|9 166140
|
| 773 |
0 |
|
|t Historický zborník 9
|d Martin : Matica slovenská, 1999
|g S. 50-58
|z 807090545X
|
| 850 |
|
|
|a Slovenská národná knižnica
|
| 852 |
|
|
|a Slovenská národná knižnica
|
| 954 |
|
|
|a odborná, vedecká literatúra pôvodná (slovenská)
|2 lita
|
| 958 |
|
|
|a article13
|
| 958 |
|
|
|a OND
|
| 958 |
|
|
|a CZ
|
| 958 |
|
|
|a PL
|
| 958 |
|
|
|a NB
|
| 958 |
|
|
|a EUIPO
|
| 992 |
|
|
|a RZB
|
| 999 |
|
|
|c 2895879
|d 2897809
|